| Registos Bibliográficos associados ao registo de autoridade |
|
Etiqueta de registo: 00254nam 2200025 450 001 2284309 003 http://id.bnportugal.gov.pt/bib/catbnp/2284309 100 ## $a20260414d2025 k y0pory01030103ba 101 0# $aeng$dpor 102 ## $aPT 105 ## $aa z 000yy 106 ## $ar 200 1# $aFrom purpose to action$ehow purpose-driven leadership drives performance$fMarco André Ferreira Ribeiro$gorient. Carla Gomes da Costa, Filipe R. Ramos 210 #9 $aLisboa$c[s.n.],$d2025 215 ## $a[4], XVII, 264 p.$d30 cm 328 #1 $aTese dout. Gestão, Faculdade de Ciências Sociais e Tecnologia da Universidade Europeia,
2026 675 ## $a005.58(043)$vBN$zpor$31243527 675 ## $a005.32/.33(043)$vBN$zpor$31252522 700 #1 $aRibeiro,$bMarco André Ferreira$31995601 702 #1 $aCosta,$bCarla Gomes da$4727$31882967 702 #1 $aRamos,$bFilipe R.$4727$31995602 801 #0 $aPT$bBN$gRPC 966 ## $lBN$mFGMON$sP. 72592 V.$x1 971 ## $cisantos$d20260414 973 ## $cigoulao$d20260421
|
|
|